00459nam a2200169Ia 450000500170000000800410001704000190005804100120007708200160008910000190010524500700012426000300019430000140022450400220023865000190026085000100027920240801113817.0131103s9999 xx 000 0 und d aLoreto College aEnglish a821.07bCAL aCallan, Norman aPoetry in practiceb some suggestion for teachers cNorman Callan aLondonbErnest Bennc1958 aix,189p.  aIncludes appendix aEnglish poetry aLCBED